Central Library OPAC University of Rajshahi

Organic chemistry / (Record no. 72140)

MARC details
000 -LEADER
fixed length control field 00747nam a2200241 4500
001 - CONTROL NUMBER
control field 72140
003 - CONTROL NUMBER IDENTIFIER
rucl marc code BD-RjUL
005 - DATE AND TIME OF LATEST TRANSACTION
control field 20211209082221.0
008 - FIXED-LENGTH DATA ELEMENTS--GENERAL INFORMATION
fixed length control field 170514r19601959enka 001 0 eng d
035 ## - SYSTEM CONTROL NUMBER
System control number (BD-RjUL)72356
040 ## - CATALOGING SOURCE
Original cataloging agency WSC
Transcribing agency WSC
Modifying agency AGL
-- BD-RjUL
Language of cataloging eng
041 ## - LANGUAGE CODE
Language code of text/sound track or separate title eng
082 ## - DEWEY DECIMAL CLASSIFICATION NUMBER
Classification number 547
Edition number 23
Author mark and year FIO 1960
100 1# - MAIN ENTRY--PERSONAL NAME
Personal name Finar, I. L.
Fuller form of name (Ivor Lionel)
9 (RLIN) 118602
245 10 - TITLE STATEMENT
Title Organic chemistry /
Statement of responsibility, etc. I. L. Finar.
250 ## - EDITION STATEMENT
Edition statement 2d ed.
260 ## - PUBLICATION, DISTRIBUTION, ETC. (IMPRINT)
Place of publication, distribution, etc. London ;
-- New York :
Name of publisher, distributor, etc. Longmans, Green,
Date of publication, distribution, etc. 1959, [Impression1960]
300 ## - PHYSICAL DESCRIPTION
Pagination 2 v. :
Illustrations ill. ;
Size 26 cm.
504 ## - BIBLIOGRAPHY, ETC. NOTE
Bibliography, etc Includes bibliography And Indexes.
505 ## - FORMATTED CONTENTS NOTE
Formatted contents note Vol. 2--Stereo chemistry and the chemistry of natural products.
650 #0 - SUBJECT ADDED ENTRY--TOPICAL TERM
Topical term or geographic name as entry element Chemistry, Organic.
9 (RLIN) 213366
942 ## - ADDED ENTRY ELEMENTS (KOHA)
Source of classification or shelving scheme Dewey Decimal Classification
Koha item type Books
Holdings
Lost status Source of classification or shelving scheme Damaged status Not for loan Collection code Permanent Location Current Location Shelving location Date acquired Source of acquisition Cost, normal purchase price Total Checkouts Full call number Date last seen Copy number Koha item type
  Dewey Decimal Classification   Not For Loan Non-fiction Central Library, University of Rajshahi Central Library, University of Rajshahi Reading Room 14/03/1963 Zeitlinger 95.00   547 FIO V-2 1960 14/05/2017 C-1 Books
  Dewey Decimal Classification     Non-fiction Central Library, University of Rajshahi Central Library, University of Rajshahi   14/03/1963 Zeitlinger 95.00   547 FIO V-2 1960 06/06/2017 C-2 Books
  Dewey Decimal Classification     Non-fiction Central Library, University of Rajshahi Central Library, University of Rajshahi   26/01/1963 Zeitlinger 50.00   547 FIO V-2 1960 12/06/2017 C-3 Books
  Dewey Decimal Classification     Non-fiction Central Library, University of Rajshahi Central Library, University of Rajshahi   26/01/1963 Zeitlinger 50.00   547 FIO 1960 V-2 27/11/2019 C-4 Books
  Dewey Decimal Classification     Non-fiction Central Library, University of Rajshahi Central Library, University of Rajshahi   14/03/1963 Zeitlinger 50.00   547 FIO 1960 V-2 03/12/2019 C-5 Books